000
00294nam a2200109Ia 4500
005
20251222143238.0
008
251222s9999||||xx |||||||||||||| ||spa||
082
_a
351.91/I59/V.I
245
0
_a
Instituciones Fundamentales del Estado de Derecho
264
_b
Ministerio de Justicia
942
_c
LIB
999
_c
14455
_d
14455